| 000 | 00572nam a2200193 i 4500 | ||
|---|---|---|---|
| 001 | 170620 | ||
| 003 | ES-MaACL | ||
| 005 | 20230906214422.0 | ||
| 007 | t| | ||
| 008 | 090324s1920 fr ||||1| fre d | ||
| 080 | _a782(44) | ||
| 100 | 1 |
_aGenest, Emile. _956300 |
|
| 245 | 1 | 2 |
_aL'Opéra connu et inconnu / _cEmile Genest. |
| 260 |
_aParis : _bE. de Boccard, _c1920. |
||
| 300 |
_a350 p., [10] h. de lám. ; _c21 cm. |
||
| 500 | _aÍndices. | ||
| 650 | 4 |
_aÓpera- _zFrancia. _915710 |
|
| 852 | 4 |
_aES-MaACL _jE-12524 _9R.140147 _z. - Biblioteca Jacinto Martínez Lacalle |
|
| 999 |
_c170620 _d170620 |
||